<?xml version="1.0" encoding="UTF-8"?><?xml-stylesheet type="text/xsl" href="static/style.xsl"?><OAI-PMH xmlns="http://www.openarchives.org/OAI/2.0/" xmlns:xsi="http://www.w3.org/2001/XMLSchema-instance" xsi:schemaLocation="http://www.openarchives.org/OAI/2.0/ http://www.openarchives.org/OAI/2.0/OAI-PMH.xsd"><responseDate>2026-04-13T01:15:03Z</responseDate><request verb="GetRecord" identifier="oai:www.recercat.cat:10459.1/84160" metadataPrefix="marc">https://recercat.cat/oai/request</request><GetRecord><record><header><identifier>oai:recercat.cat:10459.1/84160</identifier><datestamp>2024-12-05T21:34:46Z</datestamp><setSpec>com_2072_3622</setSpec><setSpec>col_2072_479130</setSpec></header><metadata><record xmlns="http://www.loc.gov/MARC21/slim" xmlns:dcterms="http://purl.org/dc/terms/" xmlns:xsi="http://www.w3.org/2001/XMLSchema-instance" xmlns:doc="http://www.lyncode.com/xoai" xsi:schemaLocation="http://www.loc.gov/MARC21/slim http://www.loc.gov/standards/marcxml/schema/MARC21slim.xsd">
   <leader>00925njm 22002777a 4500</leader>
   <datafield ind2=" " ind1=" " tag="042">
      <subfield code="a">dc</subfield>
   </datafield>
   <datafield ind2=" " ind1=" " tag="720">
      <subfield code="a">Cabeza, Luisa F.</subfield>
      <subfield code="e">author</subfield>
   </datafield>
   <datafield ind2=" " ind1=" " tag="260">
      <subfield code="c">2022-11-09T09:07:12Z</subfield>
   </datafield>
   <datafield ind2=" " ind1=" " tag="260">
      <subfield code="c">2022-11-09T09:07:12Z</subfield>
   </datafield>
   <datafield ind2=" " ind1=" " tag="260">
      <subfield code="c">2022</subfield>
   </datafield>
   <datafield ind2=" " ind1=" " tag="520">
      <subfield code="a">This work was partially funded by the Ministerio de Ciencia, Innovación y Universidades de España (RTI2018-093849-B-C31-MCIU/AEI/FEDER,UE), Ministerio de Ciencia, Innovación y Universidades-Agencia Estatal de Investigación(AEI)(RED2018-102431-T-MCIU/AEI), Agencia Estatal de Investigación(AEI)-Ministerio de Ciencia, Innovación y Universidades (PCI2020-120695-2/AEI/10.13039/501100011033), and Secretaria de Universitats i Recerca del Departament d’Empresa i Coneixement de la Generalitat de Catalunya and is co-financed by the European Union through the European Regional Development Fund(FEDER)(2019PROD00101). Funding has also be enreceived from European Union’s Horizon2020 research and innovation programs under projects Innova MicroSOLAR (723596), HYBUILD (768824), SWS-HEATING (764025), SolBio-Rev (814945), CSPplus (Cofund ERA-NET Action, N°838311), and CO-COOL (101007976). The authors would like to thank the Catalan Government for the quality accreditation given to the irresearch group (2017SGR1537) and the ICREA Catalan institution for awarding the ICREA Academy, for the second consecutive time. GREiA is certified agent TECNIO in the category of technology developers from the Government of Catalonia.</subfield>
   </datafield>
   <datafield ind1="8" ind2=" " tag="024">
      <subfield code="a">http://hdl.handle.net/10459.1/84160</subfield>
   </datafield>
   <datafield tag="653" ind2=" " ind1=" ">
      <subfield code="a">Buildings</subfield>
   </datafield>
   <datafield tag="653" ind2=" " ind1=" ">
      <subfield code="a">Climate change mitigation</subfield>
   </datafield>
   <datafield ind2="0" ind1="0" tag="245">
      <subfield code="a">The role of buildings in climate change mitigation</subfield>
   </datafield>
</record></metadata></record></GetRecord></OAI-PMH>